<?xml version="1.0" encoding="UTF-8"?>
<record
    xmlns:xsi="http://www.w3.org/2001/XMLSchema-instance"
    xsi:schemaLocation="http://www.loc.gov/MARC21/slim http://www.loc.gov/standards/marcxml/schema/MARC21slim.xsd"
    xmlns="http://www.loc.gov/MARC21/slim">

  <leader>00970nam a2200253 a 4500</leader>
  <controlfield tag="001">44665</controlfield>
  <controlfield tag="003">BD-RjUL</controlfield>
  <controlfield tag="005">20211209053910.0</controlfield>
  <controlfield tag="008">160719s1996    bg ||||| |||| 00| 0 ben d</controlfield>
  <datafield tag="020" ind1=" " ind2=" ">
    <subfield code="c">: Tk. 120.00</subfield>
  </datafield>
  <datafield tag="035" ind1=" " ind2=" ">
    <subfield code="a">(BD-RjUL) 44783</subfield>
  </datafield>
  <datafield tag="040" ind1=" " ind2=" ">
    <subfield code="a">BD-RjUL</subfield>
    <subfield code="b">ben</subfield>
    <subfield code="c">BD-RjUL</subfield>
  </datafield>
  <datafield tag="041" ind1=" " ind2=" ">
    <subfield code="a">ben</subfield>
  </datafield>
  <datafield tag="082" ind1=" " ind2=" ">
    <subfield code="2">23</subfield>
    <subfield code="a">155.7</subfield>
    <subfield code="b">BUM 1996</subfield>
  </datafield>
  <datafield tag="100" ind1="1" ind2=" ">
    <subfield code="a">&#x9AC;&#x9C1;&#x995;&#x9BE;&#x987;&#x9B2;&#x9BF;, &#x9AE;&#x9B0;&#x9BF;&#x9B8;</subfield>
    <subfield code="9">135456</subfield>
  </datafield>
  <datafield tag="245" ind1="1" ind2="0">
    <subfield code="a">&#x9AE;&#x9BE;&#x9A8;&#x9C1;&#x9B7;&#x9C7;&#x9B0; &#x986;&#x9A6;&#x9BF; &#x200D;&#x989;&#x9CE;&#x9B8; = The origin of man / </subfield>
    <subfield code="c">&#x9AE;&#x9B0;&#x9BF;&#x9B8; &#x9AC;&#x9C1;&#x995;&#x9BE;&#x987;&#x9B2;&#x9BF; ; &#x9B0;&#x9C2;&#x9AA;&#x9BE;&#x9A8;&#x9CD;&#x9A4;&#x9B0; : &#x986;&#x996;&#x9A4;&#x9BE;&#x9B0;-&#x989;&#x9B2;-&#x986;&#x9B2;&#x9AE;</subfield>
  </datafield>
  <datafield tag="250" ind1=" " ind2=" ">
    <subfield code="a">&#x9E8;&#x9AF;&#x9BC; &#x9B8;&#x982;. </subfield>
  </datafield>
  <datafield tag="260" ind1=" " ind2=" ">
    <subfield code="a">&#x9A2;&#x9BE;&#x995;&#x9BE; : </subfield>
    <subfield code="b">&#x99C;&#x9CD;&#x99E;&#x9BE;&#x9A8;&#x995;&#x9CB;&#x9B7; &#x9AA;&#x9CD;&#x9B0;&#x995;&#x9BE;&#x9B6;&#x9A8;&#x9C0;, </subfield>
    <subfield code="c">&#x9E7;&#x9EF;&#x9EF;&#x9EC;</subfield>
  </datafield>
  <datafield tag="300" ind1=" " ind2=" ">
    <subfield code="a">[&#x9EE;], &#x9E8;&#x9E8;&#x9EA; &#x9AA;&#x9C3;. ;</subfield>
    <subfield code="c">&#x9E8;&#x9E7; &#x9B8;&#x9C7;&#x9AE;&#x9BF;. </subfield>
  </datafield>
  <datafield tag="650" ind1=" " ind2=" ">
    <subfield code="a">&#x9AE;&#x9A8;&#x9CB;&#x9AC;&#x9BF;&#x99C;&#x9CD;&#x99E;&#x9BE;&#x9A8;</subfield>
    <subfield code="9">137000</subfield>
  </datafield>
  <datafield tag="650" ind1=" " ind2=" ">
    <subfield code="a">Psychology</subfield>
    <subfield code="9">137001</subfield>
  </datafield>
  <datafield tag="700" ind1=" " ind2=" ">
    <subfield code="a"> &#x986;&#x996;&#x9A4;&#x9BE;&#x9B0;-&#x989;&#x9B2;-&#x986;&#x9B2;&#x9AE;, &#x9B0;&#x9C2;&#x9AA;&#x9BE;&#x9A8;&#x9CD;&#x9A4;&#x9B0;</subfield>
    <subfield code="9">135459</subfield>
  </datafield>
  <datafield tag="942" ind1=" " ind2=" ">
    <subfield code="2">ddc</subfield>
    <subfield code="c">BK</subfield>
  </datafield>
  <datafield tag="999" ind1=" " ind2=" ">
    <subfield code="c">44665</subfield>
    <subfield code="d">44665</subfield>
  </datafield>
  <datafield tag="952" ind1=" " ind2=" ">
    <subfield code="0">0</subfield>
    <subfield code="1">0</subfield>
    <subfield code="2">ddc</subfield>
    <subfield code="4">0</subfield>
    <subfield code="7">0</subfield>
    <subfield code="8">NFIC</subfield>
    <subfield code="a">RUCL</subfield>
    <subfield code="b">RUCL</subfield>
    <subfield code="c">Stack</subfield>
    <subfield code="d">1997-12-22</subfield>
    <subfield code="e">New Mahiuddin and Sons</subfield>
    <subfield code="g">140.00</subfield>
    <subfield code="l">0</subfield>
    <subfield code="o">B 155.7 BUM 1996</subfield>
    <subfield code="r">2016-07-19 00:00:00</subfield>
    <subfield code="t">C-2</subfield>
    <subfield code="w">2016-07-19</subfield>
    <subfield code="y">BK</subfield>
  </datafield>
</record>
